الانهيار الجليدي قادم : (Record no. 3665)

MARC details
000 -LEADER
fixed length control field 01324nam a2200241 ar4500
001 - CONTROL NUMBER
control field 3667
005 - DATE AND TIME OF LATEST TRANSACTION
control field 20221127090803.0
008 - FIXED-LENGTH DATA ELEMENTS--GENERAL INFORMATION
fixed length control field 140128s su a 00010|ara d
020 ## - INTERNATIONAL STANDARD BOOK NUMBER
International Standard Book Number 9789960171555
082 04 - DEWEY DECIMAL CLASSIFICATION NUMBER
Classification number 378.101
Item number ب116
100 1# - MAIN ENTRY--PERSONAL NAME
Personal name باربر، ماكل.
245 12 - TITLE STATEMENT
Title الانهيار الجليدي قادم :
Remainder of title التعليم العالي والثورة القادمة /
Statement of responsibility, etc. مايكل باربر، كاتلين دونلي، سعد رضوي ؛ ترجمة مركز البحوث والدراسات - وزارة التعليم العالي.
260 ## - PUBLICATION, DISTRIBUTION, ETC.
Place of publication, distribution, etc. الرياض :
Name of publisher, distributor, etc. وزارة التعليم العالي،
Date of publication, distribution, etc. 1435[2013].
300 ## - PHYSICAL DESCRIPTION
Extent 107 ص. :
Other physical details ايض. ملونة ؛
Dimensions 24 سم.
440 #0 - SERIES STATEMENT/ADDED ENTRY--TITLE
Title سلسلة اصدارات مركز البحوث والدراسات ؛
Volume/sequential designation 25.
500 ## - GENERAL NOTE
General note ترجمة لكتاب : An avalanche is coming / Michael Barber, K. Donnelly, Saad Rizvi.2013.
504 ## - BIBLIOGRAPHY, ETC. NOTE
Bibliography, etc. note يتضمن ببليوجرافيا.
650 #4 - SUBJECT ADDED ENTRY--TOPICAL TERM
Topical term or geographic name entry element التعليم العالي
General subdivision تنظيم وادارة.
650 #4 - SUBJECT ADDED ENTRY--TOPICAL TERM
Topical term or geographic name entry element الجامعات والكليات
General subdivision تنظيم وادارة.
700 0# - ADDED ENTRY--PERSONAL NAME
Personal name باربر، مايكل،
Relator term م. مشارك.
700 0# - ADDED ENTRY--PERSONAL NAME
Personal name رضوي، سعد،
Relator term م. مشارك.
710 2# - ADDED ENTRY--CORPORATE NAME
Corporate name or jurisdiction name as entry element السعودية.
Subordinate unit وزارة التعليم العالي.
-- مركز البحوث والدراسات،
Relator term مترجم.
Holdings
Withdrawn status Lost status Source of classification or shelving scheme Damaged status Not for loan Home library Current library Date acquired Total Checkouts Full call number Barcode Date last seen Copy number Price effective from Koha item type
              11/27/2022   378.101 ب116 10000000013016 11/27/2022 ل 1 11/27/2022 Book
              11/27/2022   378.101 ب116 10000000013015 11/27/2022 ل 2 11/27/2022 Book
          CENTRAL CENTRAL 11/27/2022   378.101 ب116 1000000008062 11/27/2022 C1 11/27/2022 Book
          CENTRAL CENTRAL 11/27/2022   378.101 ب116 1000000008063 11/27/2022 C2 11/27/2022 Book